000 00593nam a2200229Ia 4500
003 OSt
005 20221007081059.0
006 a|||||r|||| 00| 0
007 ta
008 221006b |||||||| |||| 00| 0 eng d
024 _a27,135
037 _cTextual
040 _aFLL
_cFLL
_beng
041 _2eng
_aeng
082 _aZ5z7, L7.1
100 _aLawson F.H.
_991523
245 0 _aMany laws
260 _aNew York
_bNorth-Holland Publishing Company New
_c1977
300 _axviii,1-352p
_ccm.
942 _hZ5z7, L7.1
_cTEXL
_2CC
999 _c1161927
_d1161927